000 00715 a2200169 4500
020 _a8187981288
040 _aDLC
_bDLC
100 1 _aDoyle, Sir Arthur Conan.
245 1 4 _aThe complete Sherlock Holmes, volume II
_cSir Arthur Conan Doyle, Kyle Freeman.
260 _aNew Delhi :
_bIndialog publications,
_c2002.
300 _a197 p.
_c22cm.
440 _aBarnes & noble classics
856 4 1 _3Sample text
_uhttp://www.loc.gov/catdir/enhancements/fy0711/2004100774-s.html
856 4 1 _3Publisher description
_uhttp://www.loc.gov/catdir/enhancements/fy0711/2004100774-d.html
856 4 1 _3Contributor biographical information
_uhttp://www.loc.gov/catdir/enhancements/fy0711/2004100774-b.html
942 _cBK
_k823 DOY
_2ddc
999 _c5011
_d5011